000 00868nas a2200265 454500
001 39727
005 20260407193510.0
008 260407s2001####ag###########|||spa#d
003 AR-UNSa-BCEJYS
040 _aAR-UNSa-BCEJYS
_bspa
_cAR-UNSa-BCEJYS
080 _a330
_xEconomía en general
245 1 0 _aDocumento de trabajo
264 1 _aBahía Blanca :
_bUniversidad Nacional del Sur
_c2001
310 _aFrecuencia: Irregular
041 _aspa
942 _cSER
590 _aniveau_biblio:s niveau_hierar:1
100 1 _aUniversidad Nacional del Sur. Departamento de Economía. Instituto de Economía
700 1 _aSalloum, Damián
700 1 _aCastellano, Federico G.
650 _aIMPUESTOS
650 _aECONOMIA
650 _aECONOMIA INTERNACIONAL
856 4 1 _uhttps://biblioeco.unsa.edu.ar/pmb/images/revistas/R20395.jpg
_yImagen de portada
_qimage/jpeg
999 _c8850
_d8850